Central Library OPAC University of Rajshahi

Banking / (Record no. 5002)

MARC details
000 -LEADER
fixed length control field 00786cam a22002651 4500
001 - CONTROL NUMBER
control field 5002
003 - CONTROL NUMBER IDENTIFIER
rucl marc code BD-RjUL
005 - DATE AND TIME OF LATEST TRANSACTION
control field 20211208234006.0
008 - FIXED-LENGTH DATA ELEMENTS--GENERAL INFORMATION
fixed length control field 131224s1948 enk b 001 0 eng
035 ## - SYSTEM CONTROL NUMBER
System control number (BD-RjUL)5038
System control number (OCoLC)2390937
040 ## - CATALOGING SOURCE
Original cataloging agency DLC
Transcribing agency NSbSU
Modifying agency DLC
-- BD-RjUL
Language of cataloging eng
041 ## - LANGUAGE CODE
Language code of text/sound track or separate title eng
082 00 - DEWEY DECIMAL CLASSIFICATION NUMBER
Classification number 332.1
Author mark and year THB 1948
100 1# - MAIN ENTRY--PERSONAL NAME
Personal name Thorne, W. J.
Fuller form of name (William J.)
9 (RLIN) 15740
245 00 - TITLE STATEMENT
Title Banking /
Statement of responsibility, etc. W. L. Thorne.
260 ## - PUBLICATION, DISTRIBUTION, ETC. (IMPRINT)
Place of publication, distribution, etc. London,
-- New York :
Name of publisher, distributor, etc. Oxford Univ. Press,
Date of publication, distribution, etc. 1948.
300 ## - PHYSICAL DESCRIPTION
Pagination vii, 165 p. ;
Size 17 cm.
504 ## - BIBLIOGRAPHY, ETC. NOTE
Bibliography, etc "Some books on banking": p. 161.
650 #0 - SUBJECT ADDED ENTRY--TOPICAL TERM
Topical term or geographic name as entry element Banks and banking
Geographic subdivision Great Britain
9 (RLIN) 15741
942 ## - ADDED ENTRY ELEMENTS (KOHA)
Source of classification or shelving scheme Dewey Decimal Classification
Koha item type Books
Holdings
Lost status Source of classification or shelving scheme Damaged status Not for loan Permanent Location Current Location Shelving location Date acquired Source of acquisition Cost, normal purchase price Total Checkouts Full call number Date last seen Copy number Koha item type Collection code
  Dewey Decimal Classification     Central Library, University of Rajshahi Central Library, University of Rajshahi   18/11/1957 Oxford university press 6.16   332.1 THB 1948 24/12/2013 C-5 Books  
  Dewey Decimal Classification     Central Library, University of Rajshahi Central Library, University of Rajshahi   25/07/1955 Oxford university press 3.00   332.1 THB 1948 22/06/2016 C-2 Books Non-fiction
  Dewey Decimal Classification     Central Library, University of Rajshahi Central Library, University of Rajshahi   25/07/1955 Oxford university press 3.00   332.1 THB 1948 22/06/2016 C-3 Books Non-fiction
  Dewey Decimal Classification     Central Library, University of Rajshahi Central Library, University of Rajshahi   25/07/1955 Oxford university press 3.00   332.1 THB 1948 22/06/2016 C-4 Books Non-fiction